| 000 | 01004cam a2200301 a 4500 | ||
|---|---|---|---|
| 999 |
_c10542 _d10542 |
||
| 001 | 3923514 | ||
| 003 | EG-ScBUE | ||
| 005 | 20210131112544.0 | ||
| 008 | 920623s1993 enk f 000 1 eng d | ||
| 020 | _a9780006178712 | ||
| 040 |
_aDLC _beng _erda _cDLC _dOCoLC _dDLC _dOCoLC _dEG-ScBUE |
||
| 082 | 0 | 4 |
_a813.54 _bSHE _222 |
| 100 | 1 |
_aSheldon, Sidney, _eauthor. |
|
| 245 | 1 | 4 |
_aThe stars shine down / _cSidney Sheldon. |
| 264 | 1 |
_aLondon : _bHarper Collins Publishers, _c1993. |
|
| 300 |
_a442 pages ; _c18 cm |
||
| 336 |
_2rdacontent _atext _btxt |
||
| 337 |
_2rdamedia _aunmediated _bn |
||
| 338 |
_2rdacarrier _avolume _bnc |
||
| 590 | _amustafa galal. | ||
| 650 | 7 |
_aBusiness _xFiction. _2BUEsh |
|
| 651 | _2BUEsh | ||
| 653 |
_cAugust2015 _bHHUUEENN |
||
| 655 | 7 |
_aAdventure stories. _2gsafd _vReading book |
|
| 655 | 7 |
_aRomantic suspense novels. _vReading book |
|
| 942 |
_2ddc _cBB |
||